00687nam a22001697a 450000500170000000800410001704000250005804100080008304400070009124501170009826000960021530000360031152000910034765000180043865000180045665000430047420150202105700.0131113b2009 ck ||||| |||| 00| 0 spa d aCO-BoIAVHcCO-BoIAVH aspa ack aDiagnostico hidrológico,hidrogeológico e hidrográfico del área piloto en la zona carbonífera del Cesar aBogotabInstituto de Investigación de Recursos Biológicos Alexander von Humboldtc2009 a152 p.bfiguras,cuadrosc27 cm. aEstudio sobre las características hidrológicas en la zona carbonífera del cesar  aHidrológico aHidrografico  aDiagnosticozZona carbonífera Cesar